00722nam a22002057a 450000500170000000800410001702000180005804000070007604100120008308200170009510000230011224500220013526000470015730000240020436500530022865000280028194200120030999900190032195201760034020251104101519.0251103b |||||||| |||| 00| 0 eng d a9781399700467 cAL aEnglish a823.92bGONI aChloe Gong9243723 aImmortal Longings aLondonbHodder and Stoughton Limitedc2024 a387p.bPBc20x13cm. a4241b₹559.20c₹d₹699.00e20%f25-10-2025 aEnglish Fiction9243510 2ddccBK c240637d240637 00102ddc40708ENGaALbALcSKd2025-10-30eBiblios Book Point, Surathkal-575014g559.20l1o823.92 GONIp077959r2026-01-05 11:13:37s2025-12-15v699.00w2025-10-25yBK